Duitse steden met kaart - Statistieken

Algemene statistieken
  • Deze quiz is 485 keer genomen
  • De gemiddelde score is 9 van 12
Antwoorden op de kaart
Antwoorden kleurgecodeerd door een groen-rode schaal op de quizkaart volgens % correct hieronder.
 
Antwoordstatistieken
Antwoord % Correct
Berlijn
99%
Munchen
86%
Hamburg
85%
Düsseldorf
81%
Bremen
71%
Frankfurt
68%
Dresden
65%
Stuttgart
65%
Hannover
64%
Nuremberg
61%
Saarbrücken
61%
Rostock
57%
Geen overeenkomende quizzen gevonden
Scoreverdeling
Procent van Mensen met Elke Score
Percentiel versus Aantal Correcte Antwoorden
Uw Scoregeschiedenis
U heeft deze quiz nog niet genomen